|
|
|
|
| LEADER |
01224nam a2200241 a 4500 |
| 001 |
GR-Patra14709 |
| 008 |
020723s19uu gr b 000 0 gre d |
| 040 |
|
|
|a GrPaTEI
|b gre
|c GR-PaULI
|
| 040 |
|
|
|a GrPaTEI
|b gre
|c GR-PaULI
|
| 082 |
|
0 |
|a 624.15
|2 21
|
| 100 |
1 |
|
|a Bowles, Joseph E.
|
| 245 |
1 |
0 |
|a Θεμελιώσεις :
|b Υπολογισμός και κατασκευή /
|c Joseph E. Bowles ; Μετάφραση: Σπύρος Παπασπύρου
|n 1/.
|
| 260 |
|
|
|a Αθήνα :
|b [χ.ο.],
|c [19--]
|
| 300 |
|
|
|a 395σ.
|
| 500 |
|
|
|a Τίτλος πρωτοτύπου: Foundation analysis and design
|
| 504 |
|
|
|a Περιλαμβάνει βιβλιογραφία.
|
| 650 |
|
4 |
|a Θεμελιώσεις
|
| 700 |
1 |
|
|a Παπασπύρου, Σπύρος
|
| 942 |
|
|
|2 ddc
|
| 952 |
|
|
|0 0
|1 0
|2 ddc
|4 0
|6 624_150000000000000_BOW
|7 0
|9 293694
|a LISK
|b LISK
|c BSC
|d 2021-01-17
|e 24
|f 0
|g 0.00
|l 0
|o 624.15 BOW
|p 92410017223
|r 2021-01-17 00:00:00
|t 1
|w 2021-01-17
|y BK15
|x 20020723 0 1
|x GrPaTEI
|
| 952 |
|
|
|0 0
|1 0
|2 ddc
|4 0
|6 624_150000000000000_BOW
|7 0
|9 293695
|a LISK
|b LISK
|c BSC
|d 2021-01-17
|e 24
|f 0
|g 0.00
|l 0
|o 624.15 BOW
|p 92410017224
|r 2021-01-17 00:00:00
|t 1
|w 2021-01-17
|y BK15
|x 20020723 0 1
|x GrPaTEI
|
| 971 |
|
|
|a .b26622245
|b 16-04-20
|c 23-09-16
|
| 999 |
|
|
|c 171648
|d 171648
|